[Event "Teteven op 32nd"]
[Site "Teteven"]
[Date "2018.08.14"]
[Round "4"]
[White "Popov, Petar"]
[Black "Krastev, Krasimir"]
[Result "1-0"]
[WhiteElo "2096"]
[BlackElo "1873"]
[PlyCount "47"]
[EventDate "2018.08.11"]
[EventType "swiss"]
[EventRounds "9"]
[EventCountry "BUL"]
[SourceTitle "CBM 186 Extra"]
[Source "ChessBase"]
[SourceDate "2018.08.24"]
[SourceVersion "1"]
[SourceVersionDate "2018.08.24"]
[SourceQuality "1"]

1. c4 g6 2. Nc3 Bg7 3. g3 e5 4. Bg2 Ne7 5. e3 Nbc6 6. Nge2 d6 7. 0-0 0-0 8. d3 Be6 9. Nd5 Rb8 10. b3 Qd7 11. Bb2 Nf5 12. Qd2 Nd8 13. e4 Bxd5 14. cxd5 Nd4 15. Nxd4 exd4 16. Rac1 c5 17. dxc6 bxc6 18. f4 f5 19. exf5 Qxf5 20. Bxc6 Nxc6 21. Rxc6 Qd5 22. Rc7 Rbe8 23. Qg2 Qa5 24. Qc2 1-0

[Event "Sunny Beach op-B 13th"]
[Site "Sunny Beach"]
[Date "2014.09.06"]
[Round "1"]
[White "Nikolov, Jordan"]
[Black "Popov, Petar"]
[Result "0-1"]
[WhiteElo "2042"]
[BlackElo "2195"]
[PlyCount "50"]
[EventDate "2014.09.06"]
[EventType "swiss"]
[EventRounds "9"]
[EventCountry "BUL"]
[SourceTitle "CBM 162 Extra"]
[Source "ChessBase"]
[SourceDate "2014.10.17"]
[SourceVersion "1"]
[SourceVersionDate "2014.10.17"]
[SourceQuality "1"]

1. e4 c5 2. Nf3 Nc6 3. c3 d5 4. exd5 Qxd5 5. d4 cxd4 6. cxd4 e5 7. Nc3 Bb4 8. Bd2 Bxc3 9. Bxc3 e4 10. Nd2 Nf6 11. Bc4 Qg5 12. Qb3 0-0 13. 0-0-0 a6 14. a4 Na5 15. Bxa5 Qxa5 16. Rde1 Bd7 17. Re3 b5 18. Be2 Be6 19. Qc2 Nd5 20. Nxe4 Nxe3 21. fxe3 bxa4 22. Nc5 Rfc8 23. Kb1 Rab8 24. Qd3 Qb4 25. b3 Bxb3 0-1

[Event "Kesarovski Georgiev Memorial 11th"]
[Site "Sunny Beach"]
[Date "2012.09.06"]
[Round "6"]
[White "Popov, Petar"]
[Black "Lausman, Petr"]
[Result "1-0"]
[WhiteElo "2243"]
[BlackElo "1999"]
[PlyCount "63"]
[EventDate "2012.09.01"]
[EventType "swiss"]
[EventRounds "9"]
[EventCountry "BUL"]
[SourceTitle "CBM 150 Extra"]
[Source "ChessBase"]
[SourceDate "2012.10.19"]
[SourceVersion "1"]
[SourceVersionDate "2012.10.19"]
[SourceQuality "1"]

1. d4 Nf6 2. Nf3 d6 3. b3 g6 4. Bb2 Bg7 5. e3 0-0 6. Bd3 Nc6 7. a3 Bg4 8. h3 Bd7 9. 0-0 Ne8 10. c4 e5 11. dxe5 Nxe5 12. Nxe5 dxe5 13. Nc3 f5 14. Be2 c6 15. Qd2 Be6 16. Rad1 Qh4 17. Na4 b6 18. f4 e4 19. Kh2 Rf7 20. Bxg7 Kxg7 21. Qc3+ Qf6 22. g4 Rd7 23. gxf5 Bxf5 24. Rxd7+ Bxd7 25. Rd1 Bf5 26. Bg4 Qxc3 27. Nxc3 Nf6 28. Bxf5 gxf5 29. Rd6 Rc8 30. Ne2 Rc7 31. Nd4 c5 32. Ne6+ 1-0

[Event "Kesarovski Georgiev Memorial 11th"]
[Site "Sunny Beach"]
[Date "2012.09.02"]
[Round "2"]
[White "Popov, Petar"]
[Black "Nabaty, Tamir"]
[Result "0-1"]
[WhiteElo "2243"]
[BlackElo "2590"]
[PlyCount "64"]
[EventDate "2012.09.01"]
[EventType "swiss"]
[EventRounds "9"]
[EventCountry "BUL"]
[SourceTitle "CBM 150 Extra"]
[Source "ChessBase"]
[SourceDate "2012.10.19"]
[SourceVersion "1"]
[SourceVersionDate "2012.10.19"]
[SourceQuality "1"]

1. d4 Nf6 2. Nf3 c5 3. e3 g6 4. Be2 Bg7 5. 0-0 0-0 6. b3 d5 7. Bb2 cxd4 8. Nxd4 Re8 9. c4 e5 10. Nf3 Nc6 11. Na3 Bf5 12. cxd5 Nxd5 13. Bc4 Ndb4 14. Qxd8 Raxd8 15. e4 Be6 16. Bxe6 Rxe6 17. Nc4 b5 18. Ne3 Nd3 19. Bc3 b4 20. Be1 a5 21. Nc4 Nc5 22. Ng5 Ree8 23. f3 Bh6 24. Nh3 a4 25. Bf2 Nd4 26. bxa4 Nxa4 27. Rab1 Bf8 28. Ne3 Nc3 29. Rb2 Ra8 30. Ra1 b3 31. Nd5 Nxd5 32. Bxd4 Nb4 0-1

[Event "Albena op 19th"]
[Site "Albena"]
[Date "2011.06.30"]
[Round "6"]
[White "Popov, Petar"]
[Black "Steimar, Miroslav"]
[Result "1-0"]
[WhiteElo "2244"]
[BlackElo "2024"]
[PlyCount "51"]
[EventDate "2011.06.25"]
[EventType "swiss"]
[EventRounds "9"]
[EventCountry "BUL"]
[SourceTitle "CBM 143 Extra"]
[Source "ChessBase"]
[SourceDate "2011.08.29"]
[SourceVersion "1"]
[SourceVersionDate "2011.08.29"]
[SourceQuality "1"]

1. d4 c6 2. e4 d5 3. Nd2 dxe4 4. Nxe4 Bf5 5. Ng3 Bg6 6. h4 h5 7. Nf3 Nd7 8. Bd3 Bxd3 9. Qxd3 Ngf6 10. 0-0 e6 11. Bf4 Nd5 12. Bd2 Be7 13. Rae1 g6 14. Rxe6 fxe6 15. Qxg6+ Kf8 16. Re1 Nc7 17. Nxh5 Rxh5 18. Qxh5 Bf6 19. Bf4 Kg7 20. Bh6+ Kg8 21. Qg6+ Kh8 22. Ng5 Qg8 23. Nf7+ Qxf7 24. Qxf7 Rd8 25. Bg5 Ne8 26. Rxe6 1-0

[Event "Albena op 19th"]
[Site "Albena"]
[Date "2011.06.29"]
[Round "5"]
[White "Iovcov, Valerii"]
[Black "Popov, Petar"]
[Result "1/2-1/2"]
[WhiteElo "2074"]
[BlackElo "2244"]
[PlyCount "104"]
[EventDate "2011.06.25"]
[EventType "swiss"]
[EventRounds "9"]
[EventCountry "BUL"]
[SourceTitle "CBM 143 Extra"]
[Source "ChessBase"]
[SourceDate "2011.08.29"]
[SourceVersion "1"]
[SourceVersionDate "2011.08.29"]
[SourceQuality "1"]

1. e4 c5 2. Nf3 Nc6 3. Bb5 Nf6 4. Bxc6 dxc6 5. d3 g6 6. h3 Bg7 7. Nc3 0-0 8. Be3 b6 9. Qd2 Ne8 10. Bh6 Nc7 11. 0-0-0 Ne6 12. Ne2 Nd4 13. Nexd4 cxd4 14. g4 Be6 15. Kb1 Qd7 16. Ne5 Qd6 17. Bxg7 Kxg7 18. f4 f6 19. Nf3 Bf7 20. f5 gxf5 21. gxf5 Kh8 22. Rdg1 Rg8 23. Qh6 Rxg1+ 24. Rxg1 Rg8 25. Rxg8+ Kxg8 26. Qh4 c5 27. b3 b5 28. e5 Qc6 29. Qg3+ Kf8 30. e6 Be8 31. Qf4 Kg7 32. Qg4+ Kf8 33. Qf4 Kg7 34. Qg4+ Kf8 35. h4 h5 36. Qg3 Qd5 37. Qf4 Kg7 38. Nd2 Qd6 39. Qf3 Qb6 40. Qe2 Qd6 41. Ne4 Qe5 42. Qf3 Kf8 43. a3 a5 44. Ka2 Qd5 45. Qf4 c4 46. Qh6+ Kg8 47. Qxf6 cxb3+ 48. cxb3 a4 49. Qg5+ Kf8 50. Nd2 Qc5 51. Qh6+ Kg8 52. Qg5+ Kf8 1/2-1/2

[Event "Plovdiv Bulgarian op 33rd"]
[Site "Plovdiv"]
[Date "2011.02.03"]
[Round "6"]
[White "Petkov, Vladimir"]
[Black "Popov, Petar"]
[Result "1-0"]
[WhiteElo "2506"]
[BlackElo "2249"]
[PlyCount "93"]
[EventDate "2011.01.30"]
[EventType "swiss"]
[EventRounds "9"]
[EventCountry "BUL"]
[SourceTitle "CBM 140 Extra"]
[Source "ChessBase"]
[SourceDate "2011.03.01"]
[SourceVersion "1"]
[SourceVersionDate "2011.03.01"]
[SourceQuality "1"]

1. Nf3 d5 2. c4 e6 3. d4 c6 4. Nbd2 Nf6 5. Qc2 Nbd7 6. e4 Nxe4 7. Nxe4 dxe4 8. Qxe4 Bb4+ 9. Ke2 Nf6 10. Qc2 Bd6 11. g3 b6 12. Bg2 Bb7 13. Rd1 h6 14. Kf1 0-0 15. Be3 Qc7 16. c5 bxc5 17. dxc5 Be7 18. Bf4 Qc8 19. Bd6 Re8 20. Ne5 Nd5 21. Rd4 f6 22. Nc4 Ba6 23. Kg1 Bxc4 24. Rxc4 Qd7 25. Re1 Bxd6 26. cxd6 Rac8 27. Rc1 Qxd6 28. Rxc6 Rxc6 29. Qxc6 Qxc6 30. Rxc6 Nb4 31. Rc7 Nxa2 32. Rxa7 Nc1 33. b4 Ne2+ 34. Kf1 Nd4 35. Rd7 e5 36. h4 Rb8 37. Bb7 Kf8 38. h5 Ne6 39. Kg2 Ke8 40. Bc6 Kf8 41. Bd5 Nd4 42. Rf7+ Ke8 43. Rxg7 Rxb4 44. Rh7 Rb5 45. Bf7+ Kf8 46. Bg6 Kg8 47. Rxh6 1-0

[Event "Kesarovski Georgiev Memorial 9th"]
[Site "Sunny Beach"]
[Date "2010.08.30"]
[Round "3"]
[White "Markidis, Konstantinos"]
[Black "Popov, Petar"]
[Result "1/2-1/2"]
[WhiteElo "2342"]
[BlackElo "2240"]
[PlyCount "45"]
[EventDate "2010.08.28"]
[EventType "swiss"]
[EventRounds "9"]
[EventCountry "BUL"]
[SourceTitle "CBM 138 Extra"]
[Source "ChessBase"]
[SourceDate "2010.10.29"]
[SourceVersion "1"]
[SourceVersionDate "2010.10.29"]
[SourceQuality "1"]

1. e4 g6 2. d4 d6 3. Nc3 Nf6 4. h3 Bg7 5. Nf3 0-0 6. Be3 c6 7. Qd2 Nbd7 8. e5 dxe5 9. dxe5 Nd5 10. Nxd5 cxd5 11. Bh6 Qb6 12. 0-0-0 Nc5 13. Bxg7 Kxg7 14. Nd4 Ne4 15. Qe3 f6 16. f3 Ng3 17. Rg1 Nf5 18. exf6+ Kxf6 19. Nxf5 Bxf5 20. Qxb6+ axb6 21. a3 Rfc8 22. Bd3 e6 23. Rge1 1/2-1/2

[Event "Albena op"]
[Site "Albena"]
[Date "2010.06.10"]
[Round "8"]
[White "Popov, Petar"]
[Black "Spassov, Liuben"]
[Result "1/2-1/2"]
[WhiteElo "2219"]
[BlackElo "2418"]
[PlyCount "32"]
[EventDate "2010.06.03"]
[EventType "swiss"]
[EventRounds "9"]
[EventCountry "BUL"]
[SourceTitle "CBM 136 Extra"]
[Source "ChessBase"]
[SourceDate "2010.07.02"]
[SourceVersion "2"]
[SourceVersionDate "2010.07.15"]
[SourceQuality "1"]

1. c4 e5 2. Nc3 Bb4 3. Nd5 a5 4. a3 Bc5 5. e3 d6 6. d4 Ba7 7. Nf3 c6 8. Nc3 Nd7 9. Bd3 Ngf6 10. 0-0 0-0 11. b3 Re8 12. Bc2 Qe7 13. a4 h6 14. Ba3 Qe6 15. Nh4 g6 16. Nf3 Bb8 1/2-1/2

[Event "Teteven op 24th"]
[Site "Teteven"]
[Date "2009.08.19"]
[Round "6"]
[White "Bochev, Krasimir"]
[Black "Popov, Petar"]
[Result "0-1"]
[WhiteElo "2113"]
[BlackElo "2254"]
[PlyCount "172"]
[EventDate "2009.08.15"]
[EventType "swiss"]
[EventRounds "9"]
[EventCountry "BUL"]
[SourceTitle "CBM 131 Extra"]
[Source "ChessBase"]
[SourceDate "2009.09.03"]
[SourceVersion "2"]
[SourceVersionDate "2009.09.16"]
[SourceQuality "1"]

1. Nf3 d5 2. g3 Nf6 3. Bg2 Nbd7 4. d4 e6 5. c4 c6 6. Qc2 Be7 7. 0-0 0-0 8. Rd1 b6 9. b3 Ba6 10. Nbd2 Rc8 11. e4 c5 12. exd5 exd5 13. Bb2 cxd4 14. Nxd4 b5 15. Qf5 g6 16. Qh3 bxc4 17. bxc4 Bxc4 18. Nxc4 Rxc4 19. Ne6 fxe6 20. Qxe6+ Rf7 21. Rxd5 Qb6 22. Qe2 Qc7 23. Rd2 Nb6 24. Rad1 Qc8 25. Ba3 Qc7 26. Bb2 Kg7 27. Bh3 Bb4 28. Rd8 Bc3 29. Ba3 Re4 30. Qf3 Qc6 31. Qd3 Re1+ 32. Rxe1 Bxe1 33. Qe2 Bc3 34. Be6 Qc7 35. Qd3 Rd7 36. Bf8+ Kh8 37. Rxd7 Nbxd7 38. Bd6 Qc6 39. Bb3 Kg7 40. Bf4 Be5 41. Be3 h5 42. Bxa7 h4 43. Bc2 Nf8 44. gxh4 Qc7 45. Be3 Bxh2+ 46. Kg2 Be5 47. Bg5 Nh5 48. Bb3 Qc6+ 49. Bd5 Qd6 50. Qf3 Ne6 51. Bxe6 Qxe6 52. Qb7+ Qf7 53. Bh6+ Kg8 54. Qe4 Bf6 55. a4 Kh7 56. Be3 Qc7 57. Qb4 Ng7 58. Qe4 Qa5 59. f3 Nf5 60. Bf2 Bd8 61. Qe8 Ng7 62. Qe4 Qd2 63. Qc4 Bb6 64. Qf1 Nf5 65. Qe1 Nxh4+ 66. Kh3 Qxe1 67. Bxe1 Nxf3 68. a5 Ba7 69. Bg3 Nd4 70. Kg4 Nc6 71. Bc7 Kg7 72. Kg5 Kf7 73. Bb6 Bxb6 74. axb6 Kg7 75. b7 Kf7 76. Kg4 Kf6 77. Kf4 g5+ 78. Kg4 Kg6 79. Kf3 Kf5 80. Kg3 g4 81. Kg2 Kf4 82. Kf2 g3+ 83. Kg2 Kg4 84. Kg1 Kf3 85. Kf1 g2+ 86. Kg1 Nb8 0-1

[Event "Teteven op 24th"]
[Site "Teteven"]
[Date "2009.08.16"]
[Round "2"]
[White "Krustev, Vladimir"]
[Black "Popov, Petar"]
[Result "0-1"]
[WhiteElo "1986"]
[BlackElo "2254"]
[PlyCount "66"]
[EventDate "2009.08.15"]
[EventType "swiss"]
[EventRounds "9"]
[EventCountry "BUL"]
[SourceTitle "CBM 131 Extra"]
[Source "ChessBase"]
[SourceDate "2009.09.03"]
[SourceVersion "2"]
[SourceVersionDate "2009.09.16"]
[SourceQuality "1"]

1. d4 d5 2. Nf3 e6 3. c4 c6 4. Nc3 dxc4 5. a4 Bb4 6. e4 b5 7. Bg5 Ne7 8. Bxe7 Qxe7 9. Nd2 0-0 10. axb5 Bxc3 11. bxc3 cxb5 12. Qb1 a6 13. Be2 e5 14. d5 Nd7 15. 0-0 Nc5 16. f4 Bd7 17. f5 Qg5 18. Qc2 Qe3+ 19. Rf2 f6 20. Kf1 Nb7 21. Rf3 Qc5 22. g4 Nd6 23. Kg2 a5 24. Rg3 Nf7 25. h4 Qe7 26. Nf3 Nd6 27. g5 b4 28. gxf6 Qxf6 29. Kh2 b3 30. Qb1 a4 31. Ng5 a3 32. Bd1 a2 33. Qb2 Nxe4 0-1

[Event "Albena op"]
[Site "Albena"]
[Date "2009.06.26"]
[Round "7"]
[White "Popov, Petar"]
[Black "Andreev, Sasho"]
[Result "0-1"]
[WhiteElo "2254"]
[BlackElo "2051"]
[PlyCount "65"]
[EventDate "2009.06.20"]
[EventType "swiss"]
[EventRounds "9"]
[EventCountry "BUL"]
[SourceTitle "CBM 130 Extra"]
[Source "ChessBase"]
[SourceDate "2009.07.02"]
[SourceVersion "2"]
[SourceVersionDate "2009.07.15"]
[SourceQuality "1"]

1. d4 Nf6 2. Nf3 e6 3. e3 c5 4. c3 b6 5. Bd3 Bb7 6. Nbd2 cxd4 7. exd4 Be7 8. 0-0 d6 9. Re1 Nbd7 10. Qe2 0-0 11. Nf1 Re8 12. Bg5 Rc8 13. Rad1 Rc7 14. Bh4 Qa8 15. Bg3 Nh5 16. N1d2 Nxg3 17. hxg3 h6 18. Ne4 Bf8 19. Bc2 Bd5 20. Qd3 g6 21. Ba4 Bc4 22. Qb1 b5 23. Bc2 Kg7 24. Ned2 Bd5 25. Re2 a5 26. Bd3 Qc6 27. Nh4 Nb6 28. b3 g5 29. Nhf3 Qd7 30. Rc1 Rec8 31. Qb2 Kg8 32. Nf1 Bg7 33. Rec2 0-1

[Event "Albena op"]
[Site "Albena"]
[Date "2009.06.25"]
[Round "6"]
[White "Ivanov, Tsvetalin"]
[Black "Popov, Petar"]
[Result "1-0"]
[WhiteElo "2109"]
[BlackElo "2254"]
[PlyCount "61"]
[EventDate "2009.06.20"]
[EventType "swiss"]
[EventRounds "9"]
[EventCountry "BUL"]
[SourceTitle "CBM 130 Extra"]
[Source "ChessBase"]
[SourceDate "2009.07.02"]
[SourceVersion "2"]
[SourceVersionDate "2009.07.15"]
[SourceQuality "1"]

1. e4 c6 2. d4 d5 3. Nc3 dxe4 4. Nxe4 Bf5 5. Ng3 Bg6 6. h4 h6 7. Nf3 Nf6 8. h5 Bh7 9. Bd3 Bxd3 10. Qxd3 e6 11. Bd2 Nbd7 12. 0-0-0 Bd6 13. Ne4 Nxe4 14. Qxe4 Nf6 15. Qe2 Qc7 16. Kb1 0-0-0 17. c4 c5 18. Bc3 cxd4 19. Nxd4 a6 20. Nb3 Be7 21. Rc1 Qf4 22. Rc2 Rhg8 23. f3 Bd6 24. c5 Be7 25. c6 Qa4 26. Na5 Rd6 27. b3 Qb5 28. Qxb5 axb5 29. cxb7+ Kd7 30. Be5 Rb8 31. Rhc1 1-0

[Event "Kesarovski Georgiev Memorial 7th"]
[Site "Sunny Beach"]
[Date "2008.09.10"]
[Round "3"]
[White "Popov, Petar"]
[Black "Marinc, Damir"]
[Result "1-0"]
[WhiteElo "2290"]
[BlackElo "2015"]
[PlyCount "73"]
[EventDate "2008.09.08"]
[EventType "swiss"]
[EventRounds "9"]
[EventCountry "BUL"]
[SourceTitle "CBM 126 Extra"]
[Source "ChessBase"]
[SourceDate "2008.11.05"]
[SourceVersion "1"]
[SourceVersionDate "2008.11.05"]
[SourceQuality "1"]

1. c4 e5 2. Nc3 Bb4 3. Nf3 Nc6 4. g3 Bxc3 5. dxc3 d6 6. Bg2 Be6 7. b3 h6 8. 0-0 Qd7 9. Re1 Nge7 10. Nd2 0-0 11. Nf1 Bh3 12. Bh1 f5 13. Ne3 f4 14. Nd5 Rf7 15. Nxe7+ Nxe7 16. Bxb7 Raf8 17. Be4 Qg4 18. f3 Qh5 19. gxf4 exf4 20. Kh1 Kh8 21. Rg1 Be6 22. Qd4 Qh4 23. Bd2 Nf5 24. Bxf5 Bxf5 25. Bxf4 Bd7 26. Bd2 Qf6 27. Rg2 Re8 28. Qxf6 Rxf6 29. Re1 Kh7 30. Kg1 g5 31. Kf2 g4 32. f4 Re4 33. Rg3 a6 34. Rd3 Bf5 35. Rd4 Rfe6 36. Rd5 c5 37. Rxf5 1-0